[Event "BSV Berliner PMM 2022"]
[Site "?"]
[Date "2022.09.17"]
[Round "3.2"]
[White "Hesse, Henrik"]
[Black "Glantz, Robert"]
[Result "1-0"]
[WhiteElo "2150"]
[BlackElo "2322"]
[PlyCount "167"]
[EventDate "2022.??.??"]
[SourceVersionDate "2022.11.12"]
[WhiteTeam "SV Mattnetz"]
[BlackTeam "SC Kreuzberg"]

1. c4 Nf6 2. g3 e5 3. Bg2 c6 4. Nf3 e4 5. Nd4 d5 6. d3 Bc5 7. Nb3 Bb4+ 8. Bd2
Bxd2+ 9. Qxd2 Qe7 $6 (9... dxc4 $142 10. dxc4 Qe7 $14) 10. cxd5 cxd5 11. O-O
O-O 12. Nc3 Nc6 13. Rad1 h6 14. dxe4 dxe4 15. Qe3 Bf5 16. Qc5 Bg6 17. Qxe7 Nxe7
18. Nc5 Rfc8 19. Nd7 Nh7 20. Ne5 Bf5 21. Bxe4 Bxe4 22. Nxe4 Rc2 23. Rd2 Rxd2
24. Nxd2 Rc8 25. Nd3 Rc2 26. Rd1 f5 27. Kf1 Nf6 28. Nb3 Rc7 29. Rc1 Rd7 30.
Nbc5 Rc7 31. Ne6 Rxc1+ 32. Nxc1 Nc6 33. Nb3 g6 34. Ned4 Nb4 35. a3 Nbd5 36. Nc5
b6 37. Na6 Ne4 38. Nb5 Kf7 39. Ke1 Ke6 40. Nxa7 Nd6 41. b4 Nc3 42. Kd2 Nb1+ 43.
Kd3 Nxa3 44. Nc7+ Kd7 45. Nd5 b5 46. Kd4 Ke6 47. Nc3 g5 48. Kc5 f4 49. gxf4
gxf4 50. f3 Nf5 51. Naxb5 Nc2 52. Nc7+ Ke5 53. b5 Ncd4 54. b6 Nd6 55. Na6 Nb7+
56. Kc4 Nd6+ 57. Kb4 Nb7 58. Nc5 Nc6+ 59. Kb5 Nd4+ 60. Kc4 Na5+ 61. Kd3 Ndc6
62. Nd7+ Kd6 63. Nf6 Ke6 64. Ng8 h5 65. Ke4 Nc4 66. b7 Nd6+ 67. Kxf4 Kf7 68.
Ne4 Nxb7 69. Nh6+ Kg6 70. Nf5 Nbd8 71. Nc5 Nb4 72. e4 Ndc6 73. Ne3 Nd4 74. Nd5
Nbc2 75. Nd3 Ne2+ 76. Ke5 Ng1 77. f4 Nf3+ 78. Kd6 Nxh2 79. f5+ Kf7 80. e5 Nd4
81. e6+ Kg8 82. f6 Ng4 83. e7 Kf7 84. Kd7 1-0

[Event "BSV Berliner PMM 2022"]
[Site "?"]
[Date "2022.09.17"]
[Round "3.2"]
[White "Strache, Michael"]
[Black "Tscheuschner, Georg"]
[Result "1/2-1/2"]
[WhiteElo "2277"]
[BlackElo "2199"]
[PlyCount "25"]
[EventDate "2022.??.??"]
[SourceVersionDate "2022.11.12"]
[WhiteTeam "SC Kreuzberg"]
[BlackTeam "SV Mattnetz"]

1. Nf3 c5 2. g3 Nc6 3. Bg2 g6 4. O-O Bg7 5. d3 d6 6. c3 Nf6 7. a3 a5 8. a4 O-O
9. Na3 e5 10. e4 Re8 11. Re1 h6 12. h3 Rb8 13. Be3 {(=)} 1/2-1/2

[Event "BSV Berliner PMM 2022"]
[Site "?"]
[Date "2022.09.17"]
[Round "3.2"]
[White "Dubessay, Bastian"]
[Black "Petersen, Marcel"]
[Result "1/2-1/2"]
[WhiteElo "2291"]
[BlackElo "2044"]
[PlyCount "93"]
[EventDate "2022.??.??"]
[SourceVersionDate "2022.11.12"]
[WhiteTeam "SC Kreuzberg"]
[BlackTeam "SV Mattnetz"]

1. d4 Nf6 2. c4 e6 3. Nc3 d5 4. cxd5 Nxd5 5. e4 Nxc3 6. bxc3 c5 7. Nf3 cxd4 8.
cxd4 Nc6 9. Bc4 Bb4+ 10. Bd2 Qa5 11. d5 Bxd2+ 12. Qxd2 Qxd2+ 13. Kxd2 Na5 14.
Bb5+ Ke7 15. Rac1 exd5 16. Rc7+ Kd6 17. Rxf7 dxe4 18. Ng5 Ke5 19. f4+ (19. Re1
Bf5 20. g4 Rhd8+ 21. Kc2 Bg6 22. f4+ Kd6 23. Rxg7) 19... exf3 20. Nxf3+ (20.
Rxf3 Kd6) 20... Kd6 21. Rxg7 Be6 22. Ke3 Rad8 {(=)} 23. Be2 Rhg8 24. Rd1+ Bd5
25. Rxg8 Rxg8 26. Kf2 Kc5 27. Rc1+ Nc4 28. a4 a6 29. a5 Kb5 30. Bxc4+ Bxc4 31.
Rb1+ Kxa5 32. Rxb7 Bd3 33. Ke3 Bg6 34. g4 Re8+ 35. Kf4 Rf8+ 36. Ke3 Re8+ 37.
Kf2 Be4 38. Rf7 Kb4 39. Ng5 h6 40. Nxe4 Rxe4 41. Rb7+ Kc5 42. Kf3 Re6 43. h4 a5
44. Ra7 Kb4 45. Rb7+ Kc4 46. Ra7 Kb4 47. Rb7+ 1/2-1/2

[Event "BSV Berliner PMM 2022"]
[Site "?"]
[Date "2022.09.17"]
[Round "3.2"]
[White "Pererva, Viktor"]
[Black "Bolk, Matthias"]
[Result "1/2-1/2"]
[WhiteElo "2089"]
[BlackElo "2020"]
[PlyCount "136"]
[EventDate "2022.??.??"]
[SourceVersionDate "2022.11.12"]
[WhiteTeam "SV Mattnetz"]
[BlackTeam "SC Kreuzberg"]

1. d4 g6 2. c4 Bg7 3. e4 Nc6 4. Be3 e5 5. Ne2 d6 6. Nbc3 Nh6 7. f3 f5 8. d5 Nb8
9. Qd2 Nf7 10. exf5 gxf5 11. f4 Nd7 12. Ng3 Nf6 13. Be2 h5 14. O-O e4 15. Qd1
Ng4 16. Bxg4 hxg4 17. Re1 Bxc3 18. bxc3 Rxh2 19. Kxh2 Qh4+ 20. Kg1 Qxg3 21. Qd2
Qh4 22. g3 Qxg3+ 23. Qg2 Qxg2+ 24. Kxg2 b6 25. Rh1 Ba6 26. Rh5 Bxc4 27. Rxf5
Ke7 (27... Nh6 28. Rh5 Ng8) 28. a3 Be2 29. Bd4 Rf8 30. Rh5 g3 31. Rh7 Bc4 32.
Rd1 Rg8 33. Bg7 $6 (33. Rg7) 33... Bd3 34. Kxg3 Bc2 35. Rd2 Bb1 36. Re2 e3 37.
Rxe3+ Kd8 38. Rh4 Rxg7+ 39. Rg4 Rxg4+ 40. Kxg4 Kd7 41. Re1 Bd3 42. Re3 Bc4 43.
Kf5 Bxd5 44. Kf6 Kc6 45. Re7 Nd8 46. Re8 Nb7 47. Ke7 Nc5 (47... Na5) 48. f5 Ne4
49. Rc8 Kb7 50. Kd7 Nf6+ 51. Kd8 c5 $4 (51... Ne8 $3 52. Kd7 (52. f6 b5) 52...
Bc6+ 53. Kd8 b5 54. f6 Bd5 $19) 52. Rc7+ Ka6 53. Ke7 Ne4 54. Rd7 Kb5 55. Rxa7
Kc4 56. Ra6 b5 57. Rxd6 Nxc3 58. f6 Bg8 59. f7 Bxf7 60. Kxf7 Kb3 61. Ra6 c4 62.
Ra5 Na4 63. Rxb5+ Kxa3 64. Rb8 Nc5 65. Rb5 Nb3 66. Rb8 c3 67. Rc8 Kb2 68. Rxc3
Kxc3 1/2-1/2

[Event "BSV Berliner PMM 2022"]
[Site "?"]
[Date "2022.09.17"]
[Round "4.1"]
[White "Hesse, Henrik"]
[Black "Nogly, Christoph"]
[Result "1/2-1/2"]
[WhiteElo "2150"]
[BlackElo "2220"]
[PlyCount "28"]
[EventDate "2022.??.??"]
[SourceVersionDate "2022.11.13"]
[WhiteTeam "SV Mattnetz"]
[BlackTeam "SFr Berlin"]

1. c4 e6 2. g3 d5 3. cxd5 exd5 4. d4 Nf6 5. Bg2 Be7 6. Nf3 O-O 7. O-O c6 8. Nc3
h6 9. Bf4 Bf5 10. Rc1 Ne4 11. Nxe4 Bxe4 12. Ne5 Bxg2 13. Kxg2 Nd7 14. Nxd7 Qxd7
{(=)} 1/2-1/2

[Event "BSV Berliner PMM 2022"]
[Site "?"]
[Date "2022.09.17"]
[Round "4.1"]
[White "Van Hasselt, Frank"]
[Black "Tscheuschner, Georg"]
[Result "1/2-1/2"]
[WhiteElo "2204"]
[BlackElo "2199"]
[PlyCount "145"]
[EventDate "2022.??.??"]
[SourceVersionDate "2022.11.13"]
[WhiteTeam "SFr Berlin"]
[BlackTeam "SV Mattnetz"]

1. c4 c5 2. g3 Nc6 3. Bg2 g6 4. Nf3 Bg7 5. O-O e6 6. Nc3 Nge7 7. d3 O-O 8. Bd2
d5 9. Qc1 d4 10. Na4 b6 11. a3 a5 12. b4 axb4 13. axb4 Nxb4 14. Bxb4 cxb4 15.
Qb2 Qd6 16. Nd2 Nc6 17. Nxb6 Rxa1 18. Rxa1 Bb7 19. Ne4 Qc7 20. c5 Rd8 21. Nc4
Ne5 22. Qxb4 Nxc4 23. Qxc4 Bd5 24. Qc2 Qc6 25. Bf3 Rc8 26. Ra5 Bf8 27. Nf6+ Kg7
28. Nxd5 exd5 29. Qb3 Bxc5 30. Bxd5 Qf6 31. Rb5 Rc7 32. Kg2 h5 33. h4 Qe5 34.
Bf3 Qd6 35. Rb8 Ba7 36. Ra8 Qc5 37. Qa4 Qe7 38. Qb5 Rc5 39. Qb4 Rc7 40. Qa5 Qc5
41. Qa6 Qe7 42. Be4 Bc5 43. Rb8 Ba7 44. Ra8 Bc5 45. Qb5 Ba7 46. f4 Rc2 47. Re8
Qc5 48. Qxc5 Rxc5 49. Re7 Ra5 50. Rd7 Bc5 51. f5 gxf5 52. Bxf5 Kf6 53. Be4 Ke6
54. Rd8 Bd6 55. Rh8 Ba3 56. Rh6+ Ke7 57. Bf3 Kf8 58. Rb6 Bc1 59. Rb8+ Kg7 60.
Rd8 Be3 61. Rd7 Rf5 62. Kh3 Kh6 63. Rd8 Kg7 64. Rd6 Bg1 65. g4 hxg4+ 66. Bxg4
Rf6 67. Rd7 Be3 68. h5 Rf4 69. Bf3 Rf5 70. Bg4 Rf6 71. Rd5 Bf2 72. Kg2 Be3 73.
Rf5 1/2-1/2

[Event "BSV Berliner PMM 2022"]
[Site "?"]
[Date "2022.09.17"]
[Round "4.1"]
[White "Weber, Daniel"]
[Black "Pererva, Viktor"]
[Result "1-0"]
[WhiteElo "2113"]
[BlackElo "2089"]
[PlyCount "187"]
[EventDate "2022.??.??"]
[SourceVersionDate "2022.11.13"]
[WhiteTeam "SFr Berlin"]
[BlackTeam "SV Mattnetz"]

1. d4 d5 2. Nc3 Bf5 3. Bg5 Nf6 4. Bxf6 gxf6 5. e3 e6 6. Bd3 Bxd3 7. Qxd3 c6 8.
Nf3 Nd7 9. e4 dxe4 10. Nxe4 f5 11. Ned2 Qc7 12. c3 O-O-O 13. O-O-O Kb8 14. Kb1
Be7 15. g3 Bf6 16. Nb3 c5 17. Qc4 cxd4 18. Qxc7+ Kxc7 19. Nfxd4 a6 20. Kc2 Ne5
21. Rd2 Rd7 22. Re2 Nc6 23. Nxc6 Kxc6 24. Nd2 Rhd8 25. f4 b5 26. Nf3 a5 27.
Rhe1 b4 28. Rd2 bxc3 (28... Rxd2+ 29. Nxd2 a4 30. Rb1 Be7 31. Nc4 Kd5) 29. bxc3
Rxd2+ 30. Nxd2 a4 31. Rb1 Be7 32. Nc4 Kd5 33. Rb7 Re8 34. Ne5 f6 35. Rd7+ Ke4
36. Rd4+ Ke3 37. Rd3+ Kf2 38. Rd2+ Kf1 39. Nf3 Bc5 40. Nd4 e5 41. fxe5 fxe5 42.
Nxf5 e4 43. g4 e3 44. Ng3+ Kg1 45. Re2 a3 46. Nf5 (46. Kd3 Rd8+ 47. Ke4 Rd2 48.
Kf3 Rxe2 49. Kxe2 Kxh2 50. Ne4 Ba7 51. g5 Kh3 52. Nf6 Kh4 53. Nxh7 Kh5 54. Kf3
Kg6 55. Nf6 Kxg5 56. Nd5 e2 57. Kxe2 Kf5 58. Kd3 Ke5 59. Kc4 Ke4 60. Nc7 Be3
61. Nb5 Bc1 62. Kb3 Kd5 63. Nxa3) 46... Kf1 47. Ng3+ Kg1 48. Kd3 Rd8+ 49. Ke4
Rd2 50. Kf3 Rxe2 51. Kxe2 Kxh2 52. Ne4 Ba7 53. g5 Kh3 54. Nf6 Kh4 55. Nxh7 Kh5
56. Kf3 Kg6 57. Nf6 Kxg5 58. Nd5 e2 59. Kxe2 Kf5 60. Kd3 Ke5 61. Kc4 Ke4 62.
Nc7 Be3 63. Nb5 Bc1 64. Kb3 Kd5 65. Nxa3 Kc5 66. Nc4 Bf4 67. a4 Bc7 68. Nd2 Ba5
69. Nf3 Kd5 70. Ng5 Kc5 71. Ne6+ Kd5 72. Nf4+ Kc5 73. Nd3+ Kd5 74. Kc2 Bd8 75.
Nb2 Kc5 76. Kd3 Bf6 77. Nc4 Bd8 78. Na3 Ba5 79. Nb5 Bd8 80. Nd4 Kb6 81. Kc4 Bf6
82. Nb3 Be7 83. Kd5 Bf8 84. c4 Bb4 85. c5+ Kc7 86. Kc4 Be1 87. Kb5 Bf2 88. Nd2
Kb7 89. a5 Kc7 90. a6 Be3 91. Nc4 Bf2 92. Nd6 Kb8 93. Kb6 Ka8 94. Nb5 1-0

[Event "BSV Berliner PMM 2022"]
[Site "?"]
[Date "2022.09.17"]
[Round "4.1"]
[White "Petersen, Marcel"]
[Black "Nötzel, Felix"]
[Result "1-0"]
[WhiteElo "2044"]
[BlackElo "2102"]
[PlyCount "171"]
[EventDate "2022.??.??"]
[SourceVersionDate "2022.11.13"]
[WhiteTeam "SV Mattnetz"]
[BlackTeam "SFr Berlin"]

1. e4 c5 2. Nf3 Nc6 3. Bb5 g6 4. O-O Bg7 5. c3 e5 6. Re1 Nge7 7. a4 O-O 8. Na3
a6 9. Bf1 d5 10. d3 h6 11. h3 d4 12. cxd4 cxd4 13. Bd2 Be6 14. b4 b5 15. axb5
axb5 16. Nxb5 Qb6 17. Na3 Nxb4 18. Rb1 Rxa3 19. Bxb4 Qa7 20. Bxa3 Qxa3 21. Qc1
Qd6 22. Qb2 Nc6 23. Rec1 Rb8 24. Qc2 Rxb1 25. Rxb1 Nb4 26. Qa4 Bf8 27. Qb5 f6
28. Nd2 Na2 29. Nc4 Qd7 30. Qa5 Nc3 31. Rb8 Bf7 32. Qc5 Be8 33. Qb6 Qc6 34. Qd8
Kf7 35. Rb6 Be7 36. Qb8 Qa4 37. Nd6+ Kf8 38. Rb5 Qxb5 39. Nxb5 Nxb5 40. Be2 Nc3
41. Bg4 Kf7 42. Qb3+ Kf8 43. Be6 Nb5 44. Qa2 Nd6 45. Qa8 Kg7 46. Qa7 Kf8 47. f4
Nb5 48. Qb8 Bd6 49. Qb7 exf4 50. Qh7 h5 51. Bc4 (51. Bd7) 51... Be5 52. Qg8+
Ke7 53. Qg7+ Kd8 54. Bf7 Bxf7 55. Qxf7 g5 56. Qxh5 Nc7 57. Qf7 Ne8 58. Kf2 Nd6
59. Qh7 Ke8 60. Ke2 Nf7 61. Kd2 Nd8 62. Kc2 Ne6 63. Kb3 f3 64. gxf3 Nf4 65. Kc4
Kf8 66. h4 gxh4 67. Qxh4 Kg7 68. Qe1 Kf7 69. Qb1 Kg6 70. Kc5 Ne2 71. Kc6 Kg5
72. Qc2 Nf4 73. Kd7 Kh4 74. Qh2+ Kg5 75. Qg3+ Kh6 76. Qh4+ Kg6 77. Ke7 Nxd3 78.
Qg4+ Kh6 79. Kf7 Nf4 80. Qf5 d3 81. Qg4 d2 82. Qg1 Kh5 83. Qh2+ Kg5 84. Qxd2
Kh4 85. Qh2+ Nh3 86. Qg2 1-0

[Event "BSV Berliner PMM 2022"]
[Site "?"]
[Date "2022.09.17"]
[Round "4.2"]
[White "Hörmann, David"]
[Black "Strache, Michael"]
[Result "0-1"]
[WhiteElo "1982"]
[BlackElo "2277"]
[PlyCount "32"]
[EventDate "2022.??.??"]
[SourceVersionDate "2022.11.13"]
[WhiteTeam "SW Lichtenrade"]
[BlackTeam "SC Kreuzberg"]

1. e4 d6 2. d4 Nf6 3. Nc3 e5 4. Nf3 Nbd7 5. Bc4 Be7 6. Ng5 O-O 7. f4 c6 8. a4
h6 9. Nf3 exd4 10. Qxd4 d5 11. Bb3 Bc5 12. Qd3 dxe4 13. Nxe4 Qe7 14. Nfd2 Nxe4
15. Qxe4 Qxe4+ 16. Nxe4 Re8 0-1

[Event "BSV Berliner PMM 2022"]
[Site "?"]
[Date "2022.09.17"]
[Round "4.2"]
[White "Dieckow, Erik"]
[Black "Flood, Yosime"]
[Result "0-1"]
[WhiteElo "1802"]
[BlackElo "1945"]
[PlyCount "100"]
[EventDate "2022.??.??"]
[SourceVersionDate "2022.11.13"]
[WhiteTeam "SW Lichtenrade"]
[BlackTeam "SC Kreuzberg"]

1. e4 c5 2. Nf3 d6 3. Bb5+ Nd7 4. O-O a6 5. Bd3 Ngf6 6. Re1 e6 7. c3 b5 8. Bf1
Bb7 9. d3 Be7 10. Qc2 O-O 11. Bg5 h6 12. Bh4 Re8 13. h3 Rc8 14. Nbd2 Qb6 15.
Rad1 a5 16. Qb1 a4 17. d4 cxd4 18. Nxd4 b4 19. Nb5 Ba6 20. c4 d5 21. exd5 exd5
22. b3 a3 23. Nf3 Bxb5 24. cxb5 g5 25. Bg3 Ne4 26. Rxe4 (26. Rxd5 $142 Nxg3 27.
Rxd7 Bc5 28. Rd2 $14) 26... dxe4 27. Nxg5 Bxg5 28. h4 Bf6 29. Rxd7 Rcd8 30. Qd1
Rxd7 31. Qxd7 Qe6 32. Qb7 Re7 33. Qa8+ Re8 34. Qa7 e3 35. Bc4 e2 36. Bxe2 Qxe2
37. Qd7 Qe6 38. Qd2 Bc3 39. Qd3 Be5 40. b6 Bxg3 41. Qxg3+ Qg6 42. Qc7 Qd3 43.
b7 Qd1+ 44. Kh2 Qd8 45. Qc1 Qb8+ 46. g3 Qxb7 47. Qxh6 Qe7 48. Qh5 Qe6 49. Qg5+
Qg6 50. Qb5 Re4 0-1